| 000 | 005980000a22001810004500 | ||
|---|---|---|---|
| 003 | MACL | ||
| 005 | 20160410131425.0 | ||
| 008 | 160410b xxu||||| |||| 00| 0 eng d | ||
| 040 |
_aMACL _cMACL |
||
| 041 | _aHindi | ||
| 082 | _a610 | ||
| 100 |
_aडॉ सुरेश चन्द्र मिश्र _951709 |
||
| 245 |
_aशरीर लक्षण एवं चेष्टाएं _bअंगविघा |
||
| 260 |
_bरंजन पब्लिकेशन्स _c2001 _aदिल्ली |
||
| 350 | _a300 | ||
| 650 |
_aMedical Sci. _933115 |
||
| 942 |
_cHIN _k610 _2ddc |
||
| 999 |
_c10473 _d10473 |
||